MARC

LEADER 00000nam0a2200000 4500
001 32853
005 20231101210123.0
035 |a (RuTPU)RU\TPU\book\33156 
035 |a BOOK00001245 
090 |a 32853 
100 |a 20011210d1972 k y0rusy50 ca 
101 0 |a rus 
102 |a RU 
105 |a a z 001zy 
200 1 |a Гидродинамические источники звука  |f И. Я. Миниович, А. Д. Перник, В. С. Петровский 
210 |a Ленинград  |c Судостроение  |d 1972 
215 |a 480 с.  |c ил. 
320 |a Списки лит. в конце статей. 
606 1 |a Звуковые волны  |x Излучение в жидкости  |2 stltpush  |3 (RuTPU)RU\TPU\subj\11510  |9 38436 
606 1 |a Гидроакустика  |2 stltpush  |3 (RuTPU)RU\TPU\subj\67410  |9 83223 
610 1 |a акустика 
610 1 |a звуковые волны 
610 1 |a излучения 
610 1 |a жидкости 
675 |a 534.2  |v 3 
675 |a 534.2-14  |v 3 
700 1 |a Миниович  |b И. Я.  |g Илья Яковлевич 
701 1 |a Перник  |b А. Д.  |g Александр Давидович 
701 1 |a Петровский  |b В. С.  |g Виль Семенович 
801 0 |a RU  |b 63413507  |c 20011210  |g PSBO 
801 2 |a RU  |b 63413507  |c 20181012  |g PSBO 
942 |c BK